<?xml version="1.0" encoding="UTF-8"?>
<marc:record xmlns:marc="http://www.loc.gov/MARC21/slim">
   <marc:leader>00000nam a2200000 a 4500</marc:leader>
   <marc:datafield ind1="1" ind2=" " tag="100">
      <marc:subfield code="a">Strunz, Ulrich</marc:subfield>
      <marc:subfield code="4">aut</marc:subfield>
      <marc:subfield code="e">Verfasser/-in</marc:subfield>
   </marc:datafield>
   <marc:datafield ind1=" " ind2=" " tag="653">
      <marc:subfield code="a">Fitness</marc:subfield>
   </marc:datafield>
   <marc:datafield ind1=" " ind2=" " tag="653">
      <marc:subfield code="a">Gesunde Lebensführung</marc:subfield>
   </marc:datafield>
   <marc:datafield ind1=" " ind2=" " tag="653">
      <marc:subfield code="a">Humoristische Darstellung</marc:subfield>
   </marc:datafield>
   <marc:datafield ind1="0" ind2="0" tag="245">
      <marc:subfield code="a">Fit wie Tiger, Panther &amp; Co. oder was man von den Tieren lernen kann</marc:subfield>
   </marc:datafield>
   <marc:datafield ind1="0" ind2="0" tag="245">
      <marc:subfield code="c">Ulrich Strunz</marc:subfield>
   </marc:datafield>
   <marc:datafield ind1=" " ind2="1" tag="264">
      <marc:subfield code="a">München</marc:subfield>
      <marc:subfield code="b">Heyne</marc:subfield>
      <marc:subfield code="c">2011</marc:subfield>
   </marc:datafield>
   <marc:datafield ind1=" " ind2=" " tag="250">
      <marc:subfield code="a">Orig.-Ausg.</marc:subfield>
   </marc:datafield>
   <marc:datafield ind1="1" ind2=" " tag="520">
      <marc:subfield code="a">Angaben aus der Verlagsmeldung

Fit wie Tiger, Panther &amp; Co. : oder Was man von den Tieren lernen kann / von Ulrich Strunz

Schon mal eine Giraffe am Stock gesehen?

Weshalb bekommt die Giraffe keinen Bandscheibenschaden? Warum kriegt der Hai keinen Krebs? Und wieso verfügt der Stier über eindrucksvolle Muskelpakete, obwohl er nur Gras und Heu frisst und nie ein Steak? Bestsellerautor Dr. med. Ulrich Strunz ist überzeugt: Die Natur weiß mehr über das gesunde Leben als wir! Wir alle können von der Lebenskunst der Tiere profitieren. Wie das geht, das erzählt er in kleinen fröhlichen Geschichten – und vermittelt dabei ganz nebenbei viel wertvolles Wissen für unsere Gesundheit und für ein langes Leben!

Kein schlechtes Gewissen, keine drögen Belehrungen, kein Zwang: Diese 33 charmant erzählten Geschichten entfalten eine motivierende Kraft, die jeden konventionellen Ratgeber und jedes noch so ausgefeilte Trainingsprogramm bei weitem übertrifft. Mit leichter Hand verführt Ulrich Strunz uns mit seinen Gleichnissen über das Wissen der Tiere zu einem gesünderen Lebensstil. Ein vergnügliches und doch ganz ernsthaftes Plädoyer für eine natürliche Lebensweise, frei von Ängsten, negativem Stress und Bewegungsarmut – ein Geschenk für andere wie für sich selbst, liebevoll illustriert von dem Londoner Zeichner Geert Schless.

</marc:subfield>
   </marc:datafield>
   <marc:datafield ind1=" " ind2=" " tag="020">
      <marc:subfield code="a">9783453198975</marc:subfield>
      <marc:subfield code="9">9783453198975</marc:subfield>
   </marc:datafield>
   <marc:datafield ind1=" " ind2=" " tag="041">
      <marc:subfield code="a">ger</marc:subfield>
   </marc:datafield>
   <marc:datafield ind1=" " ind2=" " tag="300">
      <marc:subfield code="a">127 S.</marc:subfield>
   </marc:datafield>
</marc:record>
